Word Ladder: 'The Office' Love Triangle Quiz Stats

 Plays Quiz Updated Jul 27, 2017

Support Sporcle.
Go Orange.
Score 0/11 Timer 01:00
1 Play Today
Clue 3-Letter Word % Correct
• Dunder Mifflin salesman and Co-Regional Manager, Halpert ••JIM•
91.2%
Poorly litDIM
88%
Rodent similar to a mouseRAT
83.1%
Fedora or beanie, e.g.HAT
82.5%
A beam of sunlightRAY
81.7%
• Dunder Mifflin warehouse worker and fiance of [last rung], Anderson ••ROY•
80.6%
• Dunder Mifflin receptionist and saleswoman, Beesly ••PAM•
78.9%
Howard or Weasley, e.g.RON
76.8%
Sliced meat from a pigHAM
76.3%
Put on an item of clothingDON
62.2%
A loud, unpleasant noiseDIN
60.7%

Today's Daily Dose

You're not logged in!

Compare scores with friends on all Sporcle quizzes.
OR
Log In
Forgot?

From the Vault

Historical People Spelling Test

by LTH

Typically spelling doesn't matter on multiple choice quizzes, but we're making an exception here.
Remove Ads.
Support Sporcle.
Get the best of Sporcle when you Go Orange. This ad-free experience offers more features, more stats, and more fun while also helping to support Sporcle. Thank you for becoming a member.

Show Comments

Extras

Top Quizzes Today


Score Distribution

Your Account Isn't Verified!

In order to create a playlist on Sporcle, you need to verify the email address you used during registration. Go to your Sporcle Settings to finish the process.

Report this User

Report this user for behavior that violates our Community Guidelines.

Details: